[Event "EU-ch Online 2300+ Final"]
[Site "Chess.com INT"]
[Date "2020.05.30"]
[Round "6"]
[White "Grandelius, Nils"]
[Black "Mikheev, Aleksey"]
[Result "1-0"]
[WhiteElo "2651"]
[BlackElo "2239"]
[PlyCount "79"]
[EventDate "2020.05.30"]
[EventType "swiss"]
[EventRounds "8"]
[EventCountry "NET"]
[SourceTitle "CBM 196 Extra"]
[Source "ChessBase"]
[SourceDate "2020.07.31"]
[SourceVersion "1"]
[SourceVersionDate "2020.07.31"]
[SourceQuality "1"]

1. Nf3 Nf6 2. g3 g6 3. b3 Bg7 4. Bb2 0-0 5. Bg2 d6 6. d4 Nc6 7. 0-0 e5 8. dxe5 Ng4 9. c4 Ncxe5 10. Nc3 Re8 11. h3 Nxf3+ 12. exf3 Ne5 13. f4 Nc6 14. Qd2 Nd4 15. Kh2 Bd7 16. Rfe1 Bc6 17. Nd5 Bxd5 18. Bxd5 Nc6 19. Rxe8+ Qxe8 20. Bxg7 Kxg7 21. Qc3+ f6 22. Re1 Qf8 23. Qe3 a5 24. h4 a4 25. Kg2 axb3 26. axb3 Rc8 27. Qe6 Rd8 28. Re3 Kh8 29. Bxc6 bxc6 30. b4 c5 31. b5 h5 32. f5 gxf5 33. Qxf5 Qf7 34. Re6 Kg7 35. Qe4 Kf8 36. Qe3 Qg7 37. Qf3 Kf7 38. Qd5 Kg6 39. Qe4+ Kh6 40. Re7 1-0

[Event "EU-ch Online 2300+ Final"]
[Site "Chess.com INT"]
[Date "2020.05.30"]
[Round "5"]
[White "Mikheev, Aleksey"]
[Black "Rychagov, Andrey"]
[Result "1-0"]
[WhiteElo "2239"]
[BlackElo "2545"]
[PlyCount "71"]
[EventDate "2020.05.30"]
[EventType "swiss"]
[EventRounds "8"]
[EventCountry "NET"]
[SourceTitle "CBM 196 Extra"]
[Source "ChessBase"]
[SourceDate "2020.07.31"]
[SourceVersion "1"]
[SourceVersionDate "2020.07.31"]
[SourceQuality "1"]

1. e4 c5 2. Nf3 e6 3. Nc3 a6 4. d4 cxd4 5. Nxd4 Qc7 6. Bd3 Bc5 7. Nb3 Be7 8. 0-0 Nf6 9. f4 d6 10. a4 b6 11. Be3 Nc6 12. Kh1 Bb7 13. Qe2 0-0 14. Rf3 Nb4 15. Rh3 g6 16. Rf1 Rfe8 17. Nd4 e5 18. fxe5 dxe5 19. Nf3 Bc8 20. Rh4 Ng4 21. Bg5 f6 22. Bc4+ Kg7 23. Bc1 h5 24. h3 Nh6 25. Bxh6+ Kxh6 26. g4 Bb7 27. gxh5 g5 28. Rg4 Rac8 29. Bb3 Qd7 30. Qg2 Rh8 31. Nh4 Rcf8 32. Nf5+ Kh7 33. h4 Bd8 34. hxg5 fxg5 35. Rxg5 Bf6 36. Rg6 1-0

[Event "EU-ch Online 2300+ Final"]
[Site "Chess.com INT"]
[Date "2020.05.30"]
[Round "8"]
[White "Timoshin, Andrei"]
[Black "Mikheev, Aleksey"]
[Result "1/2-1/2"]
[WhiteElo "2132"]
[BlackElo "2239"]
[PlyCount "136"]
[EventDate "2020.05.30"]
[EventType "swiss"]
[EventRounds "8"]
[EventCountry "NET"]
[SourceTitle "CBM 196 Extra"]
[Source "ChessBase"]
[SourceDate "2020.07.31"]
[SourceVersion "1"]
[SourceVersionDate "2020.07.31"]
[SourceQuality "1"]

1. e4 c5 2. Nf3 d6 3. d4 cxd4 4. Qxd4 Nc6 5. Bb5 Bd7 6. Qd3 Nf6 7. c4 g6 8. Nc3 Bg7 9. h3 0-0 10. 0-0 Rc8 11. Be3 a6 12. Bxc6 Bxc6 13. Rac1 Nd7 14. Nd4 Ne5 15. Qe2 Bd7 16. b3 e6 17. Rfd1 Qe7 18. Qd2 Rfd8 19. Bg5 f6 20. Be3 Be8 21. f4 Nc6 22. Nf3 Bf7 23. Bb6 Rd7 24. Qe1 Re8 25. Rc2 h6 26. Rcd2 g5 27. g3 h5 28. Kh2 g4 29. Nh4 Nb8 30. Rd3 gxh3 31. Qd2 Bf8 32. e5 fxe5 33. fxe5 d5 34. cxd5 exd5 35. Nxd5 Qxe5 36. Nf4 Rxd3 37. Qxd3 Nc6 38. Qf5 Qxf5 39. Nxf5 Ne5 40. Kxh3 Rc8 41. Nd6 Bxd6 42. Rxd6 Rc2 43. Rd8+ Kh7 44. Bd4 Rd2 45. Bb6 Rxa2 46. b4 Ng4 47. Kh4 Kh6 48. Rd6+ Kg7 49. Bd4+ Kf8 50. Kg5 Ke8 51. Rb6 Rd2 52. Bc5 Rd7 53. Nxh5 Rd5+ 54. Kxg4 Bxh5+ 55. Kf4 Rd7 56. g4 Bf7 57. Kf5 Bd5 58. g5 Rf7+ 59. Ke5 Bc6 60. g6 Rf1 61. Bd4 Kf8 62. Kd6 Rf4 63. Be5 Rf5 64. Ke6 Rf1 65. Kd6 Rd1+ 66. Ke6 Rf1 67. Kd6 Rd1+ 68. Ke6 Rf1 1/2-1/2

[Event "EU-ch Online 2300+ Qual"]
[Site "Chess.com INT"]
[Date "2020.05.29"]
[Round "1"]
[White "Arnaudov, Petar G"]
[Black "Mikheev, Aleksey"]
[Result "1-0"]
[WhiteElo "2471"]
[BlackElo "2239"]
[PlyCount "59"]
[EventDate "2020.05.29"]
[EventType "swiss"]
[EventRounds "8"]
[EventCountry "NET"]
[SourceTitle "CBM 196 Extra"]
[Source "ChessBase"]
[SourceDate "2020.07.31"]
[SourceVersion "1"]
[SourceVersionDate "2020.07.31"]
[SourceQuality "1"]

1. Nf3 Nf6 2. c4 g6 3. Nc3 Bg7 4. e4 d6 5. d4 0-0 6. h3 e5 7. d5 Nbd7 8. Be3 a5 9. g4 Nc5 10. Nd2 Ne8 11. Rg1 Kh8 12. Be2 f5 13. g5 f4 14. Bxc5 dxc5 15. h4 Nd6 16. h5 Kg8 17. h6 Bh8 18. Bg4 Rf7 19. Bxc8 Qxc8 20. Qg4 Qxg4 21. Rxg4 f3 22. 0-0-0 Raf8 23. Rh1 Rf4 24. Rg3 a4 25. Kc2 b6 26. a3 Kf7 27. Kd3 Ke7 28. Nxa4 b5 29. Nxc5 bxc4+ 30. Nxc4 1-0

[Event "EU-ch Online U2300 Final"]
[Site "Chess.com INT"]
[Date "2020.05.26"]
[Round "1"]
[White "Mikheev, Aleksey"]
[Black "Doric, Nenad"]
[Result "1-0"]
[WhiteElo "2239"]
[BlackElo "2249"]
[PlyCount "95"]
[EventDate "2020.05.26"]
[EventType "swiss"]
[EventRounds "8"]
[EventCountry "NET"]
[SourceTitle "CBM 196 Extra"]
[Source "ChessBase"]
[SourceDate "2020.07.31"]
[SourceVersion "1"]
[SourceVersionDate "2020.07.31"]
[SourceQuality "1"]

1. e4 e5 2. Nf3 Nc6 3. Nc3 Nf6 4. Be2 Bb4 5. Nd5 Bc5 6. d3 h6 7. c3 d6 8. b4 Bb6 9. Nxb6 axb6 10. 0-0 0-0 11. h3 Nh7 12. b5 Ne7 13. d4 Ng6 14. Be3 Qe7 15. Qc2 Re8 16. dxe5 Nxe5 17. Nd4 Ng6 18. Bd3 Nf6 19. Nf5 Bxf5 20. exf5 Ne5 21. Be2 Ra5 22. Bd4 Ned7 23. Bf3 Rxb5 24. Bxb7 Qe2 25. Qxe2 Rxe2 26. Ba6 Reb2 27. Bxb5 Rxb5 28. g4 Ra5 29. Rfe1 Kf8 30. Kg2 Nd5 31. c4 Nf4+ 32. Kg3 Nd3 33. Re3 N3e5 34. Rae1 Kg8 35. f4 Nxc4 36. Re8+ Kh7 37. R8e7 Ra3+ 38. Kh4 Nd2 39. R1e3 Rxe3 40. Bxe3 Nc4 41. Rxd7 Nxe3 42. Rxc7 Kg8 43. Rc6 d5 44. Rxb6 Kf8 45. Kg3 Ke7 46. Kf3 Nc4 47. Rb7+ Kf6 48. Rd7 1-0

[Event "EU-ch Online U2300 Final"]
[Site "Chess.com INT"]
[Date "2020.05.26"]
[Round "8"]
[White "Shapiro, David"]
[Black "Mikheev, Aleksey"]
[Result "0-1"]
[WhiteElo "2392"]
[BlackElo "2239"]
[PlyCount "100"]
[EventDate "2020.05.26"]
[EventType "swiss"]
[EventRounds "8"]
[EventCountry "NET"]
[SourceTitle "CBM 196 Extra"]
[Source "ChessBase"]
[SourceDate "2020.07.31"]
[SourceVersion "1"]
[SourceVersionDate "2020.07.31"]
[SourceQuality "1"]

1. d4 Nf6 2. Nc3 d5 3. Bf4 g6 4. e3 Bg7 5. h4 h6 6. Nf3 c6 7. Ne5 Nbd7 8. Bd3 Nxe5 9. Bxe5 h5 10. f3 Qb6 11. a3 Bd7 12. Na4 Qa5+ 13. c3 Qd8 14. Nc5 Bc8 15. Qc2 a5 16. g4 hxg4 17. fxg4 b6 18. Nb3 Bxg4 19. Bxg6 Qd7 20. Bd3 Rh5 21. a4 Qe6 22. Qg2 Bh6 23. Kd2 Rxe5 24. dxe5 Qxe5 25. Rae1 c5 26. Rhf1 Qe6 27. Kc2 Rd8 28. Kb1 Bh3 29. Qg3 Bxf1 30. Rxf1 Qxe3 31. Bb5+ Kf8 32. Qc7 Rd6 33. Qb8+ Kg7 34. Ka2 Re6 35. Qh2 Re4 36. Qc7 Re6 37. Rd1 Bf4 38. Qc8 Re5 39. Qb7 Re6 40. Qc8 Be5 41. Qb7 Qf2 42. Rc1 c4 43. Nd4 Bxd4 44. cxd4 Qxd4 45. Rc2 Re4 46. h5 Nxh5 47. Rg2+ Kf6 48. Qc8 Nf4 49. Qh8+ Ke6 50. Qh6+ Qf6 0-1

[Event "Izhevsk Corporation Cup 5th"]
[Site "Izhevsk"]
[Date "2013.07.18"]
[Round "7"]
[White "Fucito, Giovanni"]
[Black "Mikheev, Aleksey"]
[Result "0-1"]
[WhiteElo "1819"]
[BlackElo "1902"]
[PlyCount "100"]
[EventDate "2013.07.11"]
[EventType "swiss"]
[EventRounds "9"]
[EventCountry "RUS"]
[SourceTitle "EXT 2014"]
[Source "ChessBase"]
[SourceDate "2013.11.20"]
[SourceVersion "1"]
[SourceVersionDate "2013.11.20"]
[SourceQuality "1"]

1. e4 c5 2. Nf3 e6 3. d4 cxd4 4. Nxd4 a6 5. Be2 Nf6 6. Nc3 Qc7 7. 0-0 Be7 8. Be3 b5 9. a3 Bb7 10. f3 0-0 11. Qd2 d6 12. Rad1 Nbd7 13. Kh1 Rac8 14. Rfe1 Nb6 15. Nb3 Rfd8 16. Bd3 Nfd7 17. Qf2 Ba8 18. Qg3 Ne5 19. f4 Nec4 20. Bc1 Nxa3 21. e5 Nac4 22. Qh3 g6 23. f5 exf5 24. e6 fxe6 25. Rxe6 Rf8 26. Rde1 Ne5 27. Nd4 Nxd3 28. cxd3 Bf6 29. Bh6 b4 30. Bxf8 Rxf8 31. Rxf6 Rxf6 32. Re8+ Kg7 33. Nce2 Bd5 34. Qe3 Bf7 35. Re7 Nd5 36. Rxc7 Nxe3 37. Nf4 Kh6 38. h4 g5 39. hxg5+ Kxg5 40. Nh3+ Kg4 41. Nf3 Kg3 42. Nfg5 Bd5 43. Nxh7 Rh6 44. Rg7+ Ng4 45. Kg1 Bxg2 46. Nf2 Re6 47. Rxg4+ fxg4 48. Ne4+ Bxe4 49. dxe4 Rxe4 50. Kf1 Kh4 0-1

[Event "Izhevsk Corporation Cup 5th"]
[Site "Izhevsk"]
[Date "2013.07.15"]
[Round "4"]
[White "Askerov, Marat"]
[Black "Mikheev, Aleksey"]
[Result "1-0"]
[WhiteElo "2005"]
[BlackElo "1902"]
[PlyCount "57"]
[EventDate "2013.07.11"]
[EventType "swiss"]
[EventRounds "9"]
[EventCountry "RUS"]
[SourceTitle "EXT 2014"]
[Source "ChessBase"]
[SourceDate "2013.11.20"]
[SourceVersion "1"]
[SourceVersionDate "2013.11.20"]
[SourceQuality "1"]

1. d4 Nf6 2. c4 g6 3. g3 Bg7 4. Bg2 d6 5. Nf3 0-0 6. 0-0 c5 7. Nc3 Nc6 8. dxc5 dxc5 9. Be3 Nd7 10. Qd2 Rb8 11. Rfd1 b6 12. Bf4 e5 13. Bg5 Qe8 14. Nd5 Qe6 15. Rac1 Rb7 16. Be7 Re8 17. Ng5 Bh6 18. Nxe6 Bxd2 19. Rxd2 fxe6 20. Nf6+ Nxf6 21. Bxf6 Rc7 22. Bxc6 Rxc6 23. Bxe5 Ba6 24. Rd7 b5 25. Rcd1 Bc8 26. Rg7+ Kf8 27. Rd3 Re7 28. Rf3+ Ke8 29. Rg8+ 1-0

[Event "Izhevsk Corporation Cup 5th"]
[Site "Izhevsk"]
[Date "2013.07.14"]
[Round "3"]
[White "Mikheev, Aleksey"]
[Black "Klepikov, Nikita"]
[Result "0-1"]
[WhiteElo "1902"]
[BlackElo "2056"]
[PlyCount "50"]
[EventDate "2013.07.11"]
[EventType "swiss"]
[EventRounds "9"]
[EventCountry "RUS"]
[SourceTitle "EXT 2014"]
[Source "ChessBase"]
[SourceDate "2013.11.20"]
[SourceVersion "1"]
[SourceVersionDate "2013.11.20"]
[SourceQuality "1"]

1. e4 d5 2. exd5 Nf6 3. d4 Bg4 4. Be2 Bxe2 5. Nxe2 Qxd5 6. 0-0 Nc6 7. Nbc3 Qh5 8. Ng3 Qg6 9. Nb5 0-0-0 10. c3 a6 11. Na3 e5 12. Be3 h5 13. Ne2 h4 14. h3 Nd5 15. Qa4 Rh5 16. dxe5 Nxe5 17. Rad1 Nd3 18. Qc2 Nxe3 19. fxe3 Qe4 20. Rf3 Rg5 21. Rdf1 Bxa3 22. bxa3 Rxg2+ 23. Kxg2 Nf4+ 24. Nxf4 Qxc2+ 25. R1f2 Qxc3 0-1

[Event "Izhevsk Corporation Cup 5th"]
[Site "Izhevsk"]
[Date "2013.07.12"]
[Round "1"]
[White "Mikheev, Aleksey"]
[Black "Kostin, Konstantin"]
[Result "0-1"]
[WhiteElo "1902"]
[BlackElo "2295"]
[PlyCount "102"]
[EventDate "2013.07.11"]
[EventType "swiss"]
[EventRounds "9"]
[EventCountry "RUS"]
[SourceTitle "EXT 2014"]
[Source "ChessBase"]
[SourceDate "2013.11.20"]
[SourceVersion "1"]
[SourceVersionDate "2013.11.20"]
[SourceQuality "1"]

1. e4 c5 2. Nf3 d6 3. d4 cxd4 4. Nxd4 Nf6 5. Nc3 a6 6. Be3 e5 7. Nb3 Be7 8. f3 0-0 9. Qd2 Be6 10. 0-0-0 Qc7 11. g4 Rc8 12. Kb1 Nbd7 13. h4 Nb6 14. h5 Nc4 15. Bxc4 Qxc4 16. g5 Ne8 17. g6 a5 18. h6 fxg6 19. Qh2 a4 20. hxg7 Nf6 21. Bg5 h5 22. Bxf6 Bxf6 23. Rxd6 Ra6 24. Rxa6 Qxa6 25. Nc1 a3 26. Nb3 axb2 27. Kxb2 Kxg7 28. Qg2 Be7 29. Nb1 Ra8 30. Nc3 Bb4 31. a4 Qc6 32. Na2 Ba3+ 33. Kb1 Qxa4 34. Rg1 Bf7 35. Qg5 Qe8 36. Rh1 Be7 37. Qc1 Bc5 38. Qb2 Bd4 39. c3 Qb5 40. Nac1 Be3 41. Re1 Bf4 42. Kc2 Rd8 43. Kb1 Rd6 44. Na1 Qc4 45. Qb4 Qa6 46. Nc2 Rb6 47. Kb2 h4 48. Rh1 Bxc1+ 49. Kxc1 Rxb4 50. cxb4 Bb3 51. Rxh4 Qf1+ 0-1